| 000 | 00552nam a22001937a 4500 | ||
|---|---|---|---|
| 005 | 20130509111012.0 | ||
| 010 | _aENG-107082 | ||
| 020 |
_a9789382363019 _c160.00 |
||
| 020 |
_a9382363017 _c160.00 |
||
| 035 | _aEN-90615 | ||
| 037 | _bDBAD/PUB | ||
| 082 | _aS | ||
| 100 | _aRaghunandan | ||
| 245 |
_aEncounters : _cby Raghunandan _ba collection of stories / |
||
| 260 |
_aNew Delhi _bReadworthy Publications _c2013 |
||
| 270 |
_aB-65 Mansa Ram Park Near Master Palace _bNew Delhi _e110059 |
||
| 300 |
_a176p. _c21cm(pbk) |
||
| 942 |
_2ddc _cEN _hS _mRAG |
||
| 999 |
_c75297 _d75297 |
||